Why Nations Go to war (Record no. 23611)

000 -LEADER
fixed length control field 00272nam a22000977a 4500
003 - CONTROL NUMBER IDENTIFIER
control field Nust
005 - DATE AND TIME OF LATEST TRANSACTION
control field 20170529121331.0
008 - FIXED-LENGTH DATA ELEMENTS--GENERAL INFORMATION
fixed length control field 131219b xxu||||| |||| 00| 0 eng d
020 ## - INTERNATIONAL STANDARD BOOK NUMBER
International Standard Book Number 0312018827
Terms of availability Available
040 ## - CATALOGING SOURCE
Original cataloging agency DLC
Language of cataloging DLC
Transcribing agency RCMS
082 ## - DEWEY DECIMAL CLASSIFICATION NUMBER
Edition number 5th,ed.
Classification number 909.82STO
100 ## - MAIN ENTRY--PERSONAL NAME
Personal name Stoessiger John G.
9 (RLIN) 334
245 ## - TITLE STATEMENT
Title Why Nations Go to war
250 ## - EDITION STATEMENT
Edition statement 5th,ed.
260 ## - PUBLICATION, DISTRIBUTION, ETC.
Place of publication, distribution, etc. London
Name of publisher, distributor, etc. Macmillan Education
Date of publication, distribution, etc. c1990
300 ## - PHYSICAL DESCRIPTION
Extent xiii,225
Other physical details ill:
Dimensions 22,cm.
538 ## - SYSTEM DETAILS NOTE
Display text Shelf # 13, Row # 4, Fiction.
650 ## - SUBJECT ADDED ENTRY--TOPICAL TERM
Topical term or geographic name entry element Political Science
9 (RLIN) 335
856 ## - ELECTRONIC LOCATION AND ACCESS
Materials specified Table of Content Only
942 ## - ADDED ENTRY ELEMENTS (KOHA)
Source of classification or shelving scheme
Koha item type Fiction
Holdings
Withdrawn status Lost status Source of classification or shelving scheme Damaged status Not for loan Permanent Location Current Location Shelving location Date acquired Total Checkouts Barcode Checked out Date last seen Date last checked out Price effective from Koha item type Full call number
          Central Library (CL) Central Library (CL) Fiction 12/19/2013 4 RCMS001037 11/15/2025 10/16/2025 10/16/2025 12/19/2013 Book  
          NUST Law School (NLS) NUST Law School (NLS)   07/16/2025 1 NLSD-207 04/16/2026 03/17/2026 03/17/2026 07/16/2025 Fiction 909.82 STO
          NUST Law School (NLS) NUST Law School (NLS)   07/16/2025   NLSD-208   07/16/2025   07/16/2025 Fiction 909.82 STO
          NUST Law School (NLS) NUST Law School (NLS)   07/16/2025   NLSD-209   07/16/2025   07/16/2025 Fiction 909.82 STO
          NUST Law School (NLS) NUST Law School (NLS)   07/16/2025   NLSD-210   07/16/2025   07/16/2025 Fiction 909.82 STO
          NUST Law School (NLS) NUST Law School (NLS)   07/16/2025   NLSD-211   07/16/2025   07/16/2025 Fiction 909.82 STO
          NUST Law School (NLS) NUST Law School (NLS)   07/16/2025 1 NLSD-212 04/16/2026 03/17/2026 03/17/2026 07/16/2025 Fiction 909.82 STO
          NUST Law School (NLS) NUST Law School (NLS)   07/16/2025   NLSD-213   07/16/2025   07/16/2025 Fiction 909.82 STO
          NUST Law School (NLS) NUST Law School (NLS)   07/16/2025   NLSD-214   07/16/2025   07/16/2025 Fiction 909.82 STO
          NUST Law School (NLS) NUST Law School (NLS)   07/16/2025   NLSD-215   07/16/2025   07/16/2025 Fiction 909.82 STO
          NUST Law School (NLS) NUST Law School (NLS)   07/16/2025 1 NLSD-216 04/16/2026 03/17/2026 03/17/2026 07/16/2025 Fiction 909.82 STO
© 2023 Central Library, National University of Sciences and Technology. All Rights Reserved.